000 00681nam a22002417a 4500
005 20150413150432.0
010 _aENG-112486
020 _a9789339212056
_c699.00
020 _a9339212053
_c699.00
035 _aEN-96018
037 _bDBAD/PUB
082 _a332.6
245 _aInvestments /
_cby Zvi Bodie...[et al)
250 _a10th ed
260 _aNoida
_bMcGraw Hill Education
_c2015
270 _aB-4, Sector-63, Gautam Budh Nagar,
_bNoida
_e201301
300 _axxxi,1091p.
_c25cm(pbk)
500 _aIncludes index
650 _a Investments.
650 _a Portfolio management.
700 _aBodie, Zvi.
942 _2ddc
_cEN
_mINV
_h332.6
999 _c92817
_d92817